| 000 | 00340nam a2200121Ia 4500 | ||
|---|---|---|---|
| 008 | 220216s9999 xx 000 0 und d | ||
| 100 | _aHeal C J A | ||
| 245 | 0 | _aConsumer comments on SMR from Europe | |
| 260 | _bProceedings of the RRIM Planters Conference, Kuala Lumpur, 1973; p313-320 | ||
| 650 | _aEurope | ||
| 650 | _aSMR | ||
| 942 | _cJS | ||
| 999 |
_c56220 _d56220 |
||